Giáo trình Marketing căn bản
v...v
Đã lưu trong:
| Tác giả chính: | |
|---|---|
| Định dạng: | Sách |
| Năm xuất bản: |
H.
Kinh tế quốc dân
2009
|
| Phiên bản: | Tái bản lần 2 |
| Chủ đề: | |
| Tags: |
Thêm thẻ
Không có thẻ, Hãy là người đầu tiên gắn thẻ bản ghi này!
|
| LEADER | 00982nam a2200193 4500 | ||
|---|---|---|---|
| 999 | |c 3681 |d 3681 | ||
| 082 | |a 381 |b Gi108tr | ||
| 100 | |a Trần Minh Đạo | ||
| 245 | |a Giáo trình Marketing căn bản |c Trần Minh Đạo | ||
| 250 | |a Tái bản lần 2 | ||
| 260 | |a H. |b Kinh tế quốc dân |c 2009 | ||
| 300 | |a 407 tr. |c 21 cm | ||
| 520 | |a v...v | ||
| 653 | |a Marketing | ||
| 653 | |a Giáo trình | ||
| 942 | |2 ddc |c SH | ||
| 952 | |0 0 |1 0 |2 ddc |4 0 |6 381_000000000000000_GI108TR |7 0 |8 300 |9 37765 |a qbu |b qbu |c D2 |d 2014-12-17 |o 381 Gi108tr |p 1584.C1 |w 2014-12-17 |y STK0 |6 381_000000000000000_GI108TR | ||
| 952 | |0 0 |1 0 |2 ddc |4 0 |6 381_000000000000000_GI108TR |7 0 |8 300 |9 105147 |a qbu |b qbu |c D2 |d 2016-01-13 |g 56000 |l 6 |m 6 |o 381 Gi108tr |p 1584.c2 |r 2019-10-21 |s 2019-10-10 |w 2016-01-13 |y STK0 |6 381_000000000000000_GI108TR | ||
| 952 | |0 0 |1 0 |2 ddc |4 0 |6 381_000000000000000_GI108TR |7 0 |8 300 |9 107840 |a qbu |b qbu |c D2 |d 2016-09-27 |g 56000 |l 2 |m 1 |o 381 Gi108tr |p 1584.c3 |r 2019-06-11 |s 2019-05-29 |w 2016-09-27 |y STK0 |6 381_000000000000000_GI108TR | ||